Normal view MARC view

Entry Términos de género/forma

Number of records used in: 4

001 - NÚMERO DE CONTROL

  • campo de control: 235471

003 - IDENTIFICADOR DE NÚMERO DE CONTROL

  • campo de control: SpMaBN

005 - FECHA Y HORA DE LA ÚLTIMA TRANSACCIÓN

  • campo de control: 20240305125649.0

008 - ELEMENTOS DE DATO DE LONGITUD-FIJA

  • campo de control de longitud fija: 091102 n anznnbabn a ana

024 7# - IDENTIFICADOR DE OTROS ESTÁNDARES

  • Número estándar o código: http://id.loc.gov/authorities/genreForms/gf2017027257
  • Fuente: lcgtf

024 7# - IDENTIFICADOR DE OTROS ESTÁNDARES

  • Número estándar o código: http://id.loc.gov/authorities/genreForms/gf2014026198
  • Fuente: lcgft

024 7# - IDENTIFICADOR DE OTROS ESTÁNDARES

  • Número estándar o código: https://data.bnf.fr/ark:/12148/cb12068169v
  • Fuente: rameau

024 7# - IDENTIFICADOR DE OTROS ESTÁNDARES

  • Número estándar o código: https://data.bnf.fr/ark:/12148/cb121430454
  • Fuente: rameau

024 7# - IDENTIFICADOR DE OTROS ESTÁNDARES

  • Número estándar o código: http://vocab.getty.edu/aat/300026074
  • Fuente: aat

040 ## - FUENTE DE CATALOGACIÓN

  • Centro catalogador/agencia de origen: SpMaBN
  • Lengua de catalogación: spa
  • Centro/agencia transcriptor: SpMaBN
  • Normas de descripción: rdc
  • Convención/Normas de encabezamiento de materia/tesauro: tgfbne

042 ## - CÓDIGO DE AUTENTICACIÓN

  • Código de autenticación: NORM20170130

155 ## - ENCABEZAMIENTO--TÉRMINO DE GÉNERO/FORMA

  • Término de género/forma: Catálogos comerciales

455 ## - TRAZADO DE VÉASE--TÉRMINO GÉNERO/FORMA

  • Término de género/forma: Catálogos de venta

455 ## - TRAZADO DE VÉASE--TÉRMINO GÉNERO/FORMA

  • Término de género/forma: Catálogos mercantiles

555 ## - TRAZADO DE VÉASE ADEMÁS--TÉRMINO GÉNERO/FORMA

  • Subcampo de control: g
  • Término de género/forma: Catálogos

555 ## - TRAZADO DE VÉASE ADEMÁS--TÉRMINO GÉNERO/FORMA

  • Subcampo de control: h
  • Término de género/forma: Catálogos de editores

555 ## - TRAZADO DE VÉASE ADEMÁS--TÉRMINO GÉNERO/FORMA

  • Subcampo de control: h
  • Término de género/forma: Catálogos de libreros

555 ## - TRAZADO DE VÉASE ADEMÁS--TÉRMINO GÉNERO/FORMA

  • Subcampo de control: h
  • Término de género/forma: Catálogos de subastas

670 ## - FUENTE DE DATOS ENCONTRADOS

  • Cita de la fuente: LCGFT;
  • Información encontrada: (Sales catalogs; Trade catalogs)

670 ## - FUENTE DE DATOS ENCONTRADOS

  • Cita de la fuente: RAMEAU;
  • Información encontrada: (Catalogues commerciaux; Catalogues de vente)

670 ## - FUENTE DE DATOS ENCONTRADOS

  • Cita de la fuente: AAT;
  • Información encontrada: (Sales catalogs)

670 ## - FUENTE DE DATOS ENCONTRADOS

  • Cita de la fuente: WWW RBGENR, 26-2-2020
  • Información encontrada: (Sales catalogs)
  • Identificador Uniforme de Recursos: https://rbms.info/vocabularies/genre/tr62.htm

670 ## - FUENTE DE DATOS ENCONTRADOS

  • Cita de la fuente: WWW EMBNE, 5-3-2024
  • Información encontrada: (Catálogos comerciales)

680 ## - NOTA GENERAL PÚBLICA

  • Texto explicativo: Úsase para los catálogos comerciales

954 ## - CATALOGADOR -ALTA REGISTRO

  • Nombre del catalogador: Inmaculada Vicente Garcia